El intelectual y la sociedad /

Guardado en:
Autor Principal: Dalton, Roque
Otros Autores: Depestre, René., Desnoes, Edmundo
Formato: Libro
Publicado: México : Siglo XXI, 1969.
Series:Coleccion Mínima ; 28
Materias:
Etiquetas: Agregar Etiqueta
Sin Etiquetas, Sea el primero en etiquetar este registro!
LEADER 00644nam a22002055a 4500
001 EHU.bham001060
008 130507s1969####mx############000#0#####d
005 20221215124522.0
245 1 0 |a El intelectual y la sociedad /  |c Roque Dalton, René Depestre, Edmundo Desnoes. 
260 |a México :  |b Siglo XXI,  |c 1969. 
300 |a 151 p. 
490 0 |a Coleccion Mínima ;  |v 28 
100 1 |a Dalton, Roque 
700 1 |a Depestre, René. 
700 1 |a Desnoes, Edmundo 
082 3 0 |a 301.15 D174 
653 |a Psicología social 
653 |a Sociología y cultura 
653 |a Intelectuales 
859 |a AR-BHAM  |b BIB. HUMANIDADES - General  |h 301.15  |i D174  |p 45.74  |t Ej.1